[Event "Women's World Teams 2015"]
[Site "Chengdu CHN"]
[Date "2015.04.23"]
[Round "5.3"]
[Board "3"]
[White "Galojan, Lilit"]
[Black "Nakhbayeva, Guliskhan"]
[Result "0-1"]
[WhiteTitle "IM"]
[BlackTitle "WGM"]
[WhiteElo "2277"]
[BlackElo "2329"]
[WhiteTeam "ARMENIA"]
[BlackTeam "KAZAKHSTAN"]
[WhiteFideId "13301314"]
[BlackFideId "13704788"]
[EventDate "2015.04.19"]

1. Nf3 Nf6 2. c4 e6 3. g3 d5 4. Bg2 dxc4 5. Qa4+ Nbd7 6. Qxc4 c5 7. d3 Bd6 8.
Qb3 Rb8 9. a4 b6 10. Nc3 a6 11. O-O O-O 12. Rd1 Bb7 13. Bd2 Qe7 14. Be1 Rfc8 15.
Nd2 Bxg2 16. Kxg2 Ne5 17. Nde4 Nfd7 18. Bd2 Nc6 19. Bg5 Qf8 20. Qc4 Nde5 21. Qa2
Bc7 22. Rac1 h6 23. Be3 Rd8 24. Bf4 Kh8 25. Qb1 Rd7 26. Na2 a5 27. Nac3 Rbd8 28.
Nb5 Bb8 29. Nd2 Ng6 30. Bxb8 Rxb8 31. Nc4 e5 32. Rf1 f5 33. f4 exf4 34. gxf4 Nb4
35. Rf2 Qf6 36. Re1 Re8 37. Qc1 Nh4+ 38. Kg1 Qg6+ 39. Kf1 Qc6 40. Kg1 Rde7 41.
Ne5 Rxe5 42. fxe5 Re6 43. Qf4 Rg6+ 44. Qg3 f4 45. Qxg6 Qxg6+ 46. Kf1 Nc2 0-1

[Event "Women's World Teams 2015"]
[Site "Chengdu CHN"]
[Date "2015.04.23"]
[Round "5.3"]
[Board "4"]
[White "Davletbayeva, Madina"]
[Black "Kursova, Maria"]
[Result "1/2-1/2"]
[WhiteTitle "WIM"]
[BlackTitle "WGM"]
[WhiteElo "2231"]
[BlackElo "2290"]
[WhiteTeam "KAZAKHSTAN"]
[BlackTeam "ARMENIA"]
[WhiteFideId "13703595"]
[BlackFideId "4129709"]
[EventDate "2015.04.19"]

1. e4 c5 2. Nf3 e6 3. g3 d5 4. exd5 exd5 5. d4 Nc6 6. Bg2 Bg4 7. O-O cxd4 8. h3
Bh5 9. g4 Bg6 10. Nxd4 Be7 11. Nxc6 bxc6 12. c4 Nf6 13. cxd5 cxd5 14. Nc3 O-O
15. Nxd5 Nxd5 16. Qxd5 Qc7 17. Be3 Rad8 18. Rac1 Qb8 19. Qb7 Qe5 20. Bxa7 Bd6
21. f4 Qf6 22. Kh1 Bd3 23. Rf3 Rfe8 24. Qb6 Be4 25. Rf2 Qe7 26. Rc4 Bxg2+ 27.
Kxg2 Ra8 28. Rd2 Bxf4 29. Rxf4 Rxa7 30. a4 h5 31. Rdf2 Rd7 32. Qc6 hxg4 33. hxg4
Rf8 34. Qe4 Qh4 35. R4f3 Re7 36. Qf5 g6 37. Qf4 Re1 38. Rh3 Rg1+ 39. Kxg1 Qxh3
40. Rh2 Qb3 41. Rd2 Rc8 42. g5 Rc1+ 43. Kf2 Qb6+ 44. Qd4 Qe6 45. Qd8+ Kh7 46.
Qd3 Qg4 47. Rc2 Qf4+ 48. Kg2 Qxg5+ 49. Kf3 Qh5+ 50. Ke3 Qh3+ 51. Kd4 Rd1 52. Rd2
Qd7+ 53. Kc3 Rxd2 54. Qxd2 Qxa4 55. Qh2+ Kg8 1/2-1/2

[Event "Women's World Teams 2015"]
[Site "Chengdu CHN"]
[Date "2015.04.23"]
[Round "5.4"]
[Board "1"]
[White "Ju, Wenjun"]
[Black "Socko, Monika"]
[Result "1/2-1/2"]
[WhiteTitle "GM"]
[BlackTitle "GM"]
[WhiteElo "2557"]
[BlackElo "2463"]
[WhiteTeam "CHINA"]
[BlackTeam "POLAND"]
[WhiteFideId "8603006"]
[BlackFideId "1106619"]
[EventDate "2015.04.19"]

1. c4 Nf6 2. g3 e6 3. Nf3 d5 4. Bg2 dxc4 5. Qa4+ c6 6. Qxc4 b5 7. Qb3 Bb7 8. d4
a6 9. O-O c5 10. Rd1 Bd5 11. Qc2 Be4 12. Qd2 Nbd7 13. Nc3 Bb7 14. Qe1 cxd4 15.
Nxd4 Bxg2 16. Kxg2 Qb6 17. e4 b4 18. Na4 Qb7 19. f3 Nc5 20. Nxc5 Bxc5 21. Nb3
Be7 22. Be3 O-O 23. Rac1 a5 24. Qe2 a4 25. Nc5 Bxc5 26. Rxc5 b3 27. Rb5 Qa6 28.
axb3 axb3 29. Qd3 Rad8 30. Qxd8 Qxb5 31. Qd3 Qb7 32. Rc1 Nd7 33. Rc3 Rb8 34. Bf4
e5 35. Be3 h6 36. Qd6 Qb5 37. Bf2 Rb7 38. h4 h5 39. Qd2 Rb8 40. Rc7 Nf6 41. Rc5
Qe8 42. Qc3 Nd7 43. Rd5 f6 44. Qc6 Nf8 45. Qxe8 Rxe8 46. Rb5 Rc8 47. Rxb3 Rc2
48. Rb8 Kf7 49. b4 Rb2 50. b5 Nd7 51. Rb7 Ke6 52. Kf1 Rb1+ 53. Kg2 Rb2 54. f4
Nc5 55. f5+ Kd6 56. Rb6+ Kd7 57. Kf3 Nd3 58. Bg1 Rb1 59. Ke2 Rxg1 60. Kxd3 Rxg3+
61. Kc4 Re3 62. Ra6 Rxe4+ 63. Kc5 Rxh4 64. Ra7+ Kc8 65. Rxg7 Rh1 66. Rg8+ Kb7
67. Rg7+ Kc8 68. Rg8+ Kb7 69. Rg7+ Kc8 70. Rg8+ 1/2-1/2

[Event "Women's World Teams 2015"]
[Site "Chengdu CHN"]
[Date "2015.04.23"]
[Round "5.4"]
[Board "2"]
[White "Zawadzka, Jolanta"]
[Black "Tan, Zhongyi"]
[Result "1/2-1/2"]
[WhiteTitle "WGM"]
[BlackTitle "WGM"]
[WhiteElo "2422"]
[BlackElo "2487"]
[WhiteTeam "POLAND"]
[BlackTeam "CHINA"]
[WhiteFideId "1122320"]
[BlackFideId "8603642"]
[EventDate "2015.04.19"]

1. e4 d6 2. d4 Nf6 3. Nc3 g6 4. f4 Bg7 5. Nf3 c5 6. dxc5 Qa5 7. Qd4 O-O 8. cxd6
exd6 9. Qd2 Re8 10. Bd3 Na6 11. O-O Nc5 12. a4 a6 13. Re1 Bd7 14. Rb1 Qb4 15. b3
Bg4 16. Bb2 Bxf3 17. gxf3 d5 18. Rbd1 Nh5 19. exd5 Nxd3 20. Qxd3 Nxf4 21. Qd2
Rad8 22. d6 Rxe1+ 23. Rxe1 Qd4+ 24. Qxd4 Bxd4+ 25. Kf1 f5 26. Rd1 Ne6 27. d7 Kf7
28. a5 Bxc3 29. Bxc3 Nf8 30. Rd6 Rxd7 31. Rf6+ Ke7 32. Rb6 Ne6 33. Be5 Nd8 34.
Bf6+ Ke8 35. Bxd8 Kxd8 36. Ke2 Kc8 37. Re6 Rd4 38. Ke3 Rh4 39. c4 Rxh2 40. Kd4
Rd2+ 41. Kc5 Kd7 42. Rb6 Kc7 43. Rf6 Rd7 44. b4 Rg7 45. b5 h5 46. bxa6 bxa6 47.
Rxa6 Kb7 48. Kb5 h4 49. c5 h3 50. c6+ Kb8 51. c7+ Rxc7 52. Rxg6 Rh7 53. Kb6 Rh8
54. Rg1 h2 55. Rh1 f4 56. Kc5 Kb7 57. Kd5 Re8 58. Rxh2 Re3 59. Rh4 Rxf3 1/2-1/2

[Event "Women's World Teams 2015"]
[Site "Chengdu CHN"]
[Date "2015.04.23"]
[Round "5.4"]
[Board "3"]
[White "Lei, Tingjie"]
[Black "Bartel, Marta"]
[Result "1-0"]
[WhiteTitle "WGM"]
[BlackTitle "WGM"]
[WhiteElo "2444"]
[BlackElo "2350"]
[WhiteTeam "CHINA"]
[BlackTeam "POLAND"]
[WhiteFideId "8605114"]
[BlackFideId "1123009"]
[EventDate "2015.04.19"]

1. c4 Nf6 2. Nc3 d5 3. cxd5 Nxd5 4. g3 g6 5. Bg2 Nxc3 6. bxc3 Bg7 7. h4 h6 8.
Nf3 Nc6 9. O-O O-O 10. Rb1 Qd7 11. d4 Rb8 12. Bf4 e6 13. Qc1 Kh7 14. c4 b6 15.
Rd1 Ba6 16. Qc2 Na5 17. h5 Nxc4 18. hxg6+ fxg6 19. Nh4 Rf5 20. Nxf5 exf5 21.
Rbc1 Re8 22. Be5 Bf8 23. e4 Ba3 24. Rb1 f4 25. Bxf4 Bf8 26. Rb3 Nd6 27. Ra3 Bb7
28. Rxa7 Rc8 29. Bxd6 cxd6 30. Qb3 Qc7 31. e5 d5 32. Bxd5 Bxd5 33. Rxc7+ 1-0

[Event "Women's World Teams 2015"]
[Site "Chengdu CHN"]
[Date "2015.04.23"]
[Round "5.4"]
[Board "4"]
[White "Kulon, Klaudia"]
[Black "Ding, Yixin"]
[Result "0-1"]
[WhiteTitle "WGM"]
[BlackTitle "WGM"]
[WhiteElo "2310"]
[BlackElo "2434"]
[WhiteTeam "POLAND"]
[BlackTeam "CHINA"]
[WhiteFideId "1131044"]
[BlackFideId "8602972"]
[EventDate "2015.04.19"]

1. e4 c5 2. Nf3 d6 3. d4 cxd4 4. Nxd4 Nf6 5. Nc3 a6 6. Be2 e5 7. Nb3 Be7 8. Be3
O-O 9. g4 Be6 10. g5 Nfd7 11. Qd2 Nb6 12. h4 N8d7 13. f4 exf4 14. Bxf4 Ne5 15.
O-O-O Rc8 16. Kb1 Nbc4 17. Bxc4 Rxc4 18. Nd4 Qd7 19. Nd5 Bxd5 20. exd5 Rfc8 21.
Qe2 Bf8 22. Bxe5 dxe5 23. Qxe5 g6 24. Rhe1 R4c5 25. Nb3 Rxc2 26. Re2 Bg7 27. Qe4
Rxe2 28. Qxe2 Qf5+ 29. Ka1 Be5 30. Rd3 a5 31. a3 a4 32. Na5 Rc1+ 33. Ka2 Bd4 34.
Qf3 Qe5 35. Rd1 Rc2 36. Kb1 Rxb2+ 37. Kc1 Qh2 38. Qe4 Be3+ 0-1

[Event "Women's World Teams 2015"]
[Site "Chengdu CHN"]
[Date "2015.04.23"]
[Round "5.5"]
[Board "1"]
[White "Gunina, Valentina"]
[Black "Moaataz, Ayah"]
[Result "1-0"]
[WhiteTitle "GM"]
[BlackTitle "WIM"]
[WhiteElo "2528"]
[BlackElo "2022"]
[WhiteTeam "RUSSIA"]
[BlackTeam "EGYPT"]
[WhiteFideId "4167570"]
[BlackFideId "10615873"]
[EventDate "2015.04.19"]

1. d4 d5 2. c4 e6 3. Nc3 Nf6 4. Nf3 b6 5. Bg5 Be7 6. e3 Bb7 7. Bxf6 Bxf6 8. cxd5
exd5 9. Bd3 Nd7 10. O-O O-O 11. Qb3 c6 12. Rac1 Re8 13. Rfe1 Nf8 14. e4 dxe4 15.
Nxe4 Ne6 16. Bc4 Rc8 17. Ne5 Rc7 18. Nxf6+ Qxf6 19. Re3 Bc8 20. Rce1 b5 21. Bd3
g6 22. Qc3 Rf8 23. b4 Nf4 24. Be4 Be6 25. Rf3 Qg5 26. Rg3 Qf6 27. Qc1 Nd5 28.
Rf3 Qd8 29. a3 Qd6 30. Qh6 f5 31. Bb1 Nf6 32. Rg3 Rg7 33. h4 Nh5 34. Rg5 Qxd4
35. Nf3 Qf6 36. Rxh5 gxh5 37. Rxe6 Qc3 38. Qxh5 Qc1+ 39. Re1 Qxa3 40. Bxf5 Qxb4
41. Re8 Qf4 42. g3 h6 43. Kh2 Qd6 44. Re6 Qd5 45. Rxh6 1-0

[Event "Women's World Teams 2015"]
[Site "Chengdu CHN"]
[Date "2015.04.23"]
[Round "5.5"]
[Board "3"]
[White "Pogonina, Natalija"]
[Black "Sherif, Amina"]
[Result "1-0"]
[WhiteTitle "WGM"]
[BlackTitle "WIM"]
[WhiteElo "2456"]
[BlackElo "1961"]
[WhiteTeam "RUSSIA"]
[BlackTeam "EGYPT"]
[WhiteFideId "4147855"]
[BlackFideId "12911690"]
[EventDate "2015.04.19"]

1. d4 Nf6 2. c4 d6 3. Nc3 Bf5 4. g3 e5 5. Bg2 c6 6. e4 exd4 7. Qxd4 Be6 8. Nge2
Nbd7 9. b3 Qb6 10. Qd1 Rd8 11. O-O Be7 12. h3 O-O 13. Be3 Qc7 14. f4 Nb6 15. Bd4
d5 16. cxd5 cxd5 17. e5 Ne4 18. f5 Nxc3 19. Nxc3 Bc8 20. Nb5 Qb8 21. f6 gxf6 22.
exf6 Bd6 23. Qh5 Kh8 24. Nxd6 Qxd6 25. Rf4 Qe6 26. Raf1 Qc6 27. Be4 1-0

[Event "Women's World Teams 2015"]
[Site "Chengdu CHN"]
[Date "2015.04.23"]
[Round "5.5"]
[Board "4"]
[White "Wafa, Shrook"]
[Black "Girya, Olga"]
[Result "0-1"]
[WhiteTitle "WGM"]
[BlackTitle "WGM"]
[WhiteElo "2058"]
[BlackElo "2459"]
[WhiteTeam "EGYPT"]
[BlackTeam "RUSSIA"]
[WhiteFideId "10609970"]
[BlackFideId "4195752"]
[EventDate "2015.04.19"]

1. e4 c6 2. d4 d5 3. Nc3 dxe4 4. Nxe4 Bf5 5. Ng3 Bg6 6. Nf3 Nd7 7. Bd3 Bxd3 8.
Qxd3 Ngf6 9. Bd2 e6 10. O-O Be7 11. Rad1 O-O 12. c4 Qb6 13. Bc3 Qa6 14. b3 Rfd8
15. Qe2 Nf8 16. Rfe1 Ng6 17. Ne5 Qb6 18. h4 Nf8 19. h5 h6 20. Ne4 Nxe4 21. Qxe4
Bg5 22. Rd3 Qc7 23. Rf3 f5 24. Qe2 Re8 25. Bd2 Rad8 26. Bxg5 hxg5 27. Qd2 g4 28.
Rd3 Nh7 29. h6 gxh6 30. Qxh6 Qg7 31. Qf4 Qg5 32. Qg3 Nf6 33. f4 Qh6 34. Qf2 Kg7
35. Kf1 Qh2 36. d5 exd5 37. cxd5 Rxd5 38. Rde3 Red8 39. g3 Qxf2+ 40. Kxf2 Rd2+
41. R1e2 R8d4 42. Nc4 Rxe2+ 43. Kxe2 Ne4 44. Rd3 Rxd3 45. Kxd3 Nxg3 46. Nd6 b6
47. Nc8 Ne4 48. Ke3 Nc3 49. Nxa7 Nd5+ 50. Kf2 Ne7 51. a4 Kf6 52. b4 Ke6 53. a5
bxa5 54. bxa5 Kd7 0-1

[Event "Women's World Teams 2015"]
[Site "Chengdu CHN"]
[Date "2015.04.25"]
[Round "6.1"]
[Board "2"]
[White "Wafa, Shahenda"]
[Black "Padmini, Rout"]
[Result "0-1"]
[WhiteTitle "WIM"]
[BlackTitle "WGM"]
[WhiteElo "2123"]
[BlackElo "2454"]
[WhiteTeam "EGYPT"]
[BlackTeam "INDIA"]
[WhiteFideId "10609962"]
[BlackFideId "5029295"]
[EventDate "2015.04.19"]

1. e4 c5 2. Nf3 d6 3. d4 cxd4 4. Nxd4 Nf6 5. Nc3 a6 6. Bg5 e6 7. f4 Qc7 8. Qf3
b5 9. Bxf6 gxf6 10. a3 Bb7 11. O-O-O Nd7 12. f5 e5 13. Nb3 Rc8 14. Kb1 Nb6 15.
Qf2 Be7 16. h4 Rg8 17. Rh3 Rg4 18. Qe2 h5 19. Rdd3 Na4 20. Nd5 Bxd5 21. Rxd5 Qc4
22. Qxc4 bxc4 23. Nd2 c3 24. Bxa6 Rb8 25. Nb3 Rxe4 26. Bb5+ Kf8 27. Bxa4 Rxa4
28. Rxc3 Rxh4 29. Rh3 Rg4 30. Rxh5 Kg7 31. Rd3 Rxg2 32. Rdh3 Rg8 33. Na5 Kf8 34.
Nc6 Ke8 35. Rb3 Bf8 36. a4 Kd7 37. Nb8+ Kd8 38. Rhh3 d5 39. Rhd3 d4 40. c3 Bd6
41. cxd4 e4 42. Rdc3 R8g3 43. Nc6+ Kd7 44. Rxg3 Bxg3 45. Nb4 Bf2 46. Nc2 e3 47.
a5 e2 48. a6 Rg1+ 49. Ka2 Rg8 50. Rb7+ Kd6 51. Rxf7 Bxd4 52. a7 Ra8 53. Kb3 Rxa7
54. Rf8 Be5 55. Rd8+ Rd7 56. Rg8 Rb7+ 57. Kc4 Rc7+ 58. Kd3 Rxc2 0-1

[Event "Women's World Teams 2015"]
[Site "Chengdu CHN"]
[Date "2015.04.25"]
[Round "6.1"]
[Board "3"]
[White "Soumya, Swaminathan"]
[Black "Sherif, Amina"]
[Result "1-0"]
[WhiteTitle "WGM"]
[BlackTitle "WIM"]
[WhiteElo "2366"]
[BlackElo "1961"]
[WhiteTeam "INDIA"]
[BlackTeam "EGYPT"]
[WhiteFideId "5016193"]
[BlackFideId "12911690"]
[EventDate "2015.04.19"]

1. e4 e5 2. Nf3 Nf6 3. Nxe5 d6 4. Nf3 Nxe4 5. d4 d5 6. Bd3 Nc6 7. O-O Be7 8. c4
Nb4 9. Be2 O-O 10. a3 Nc6 11. cxd5 Qxd5 12. Nc3 Nxc3 13. bxc3 Bf5 14. Bf4 Bd6
15. c4 Qe4 16. Be3 Rad8 17. Ra2 Rfe8 18. Qc1 b6 19. Re1 Na5 20. Bf1 Qc6 21. d5
Qa4 22. Nd4 Bg6 23. c5 Bf4 24. Bb5 Bxe3 25. fxe3 Nb3 26. Qd1 Qa5 27. Bxe8 Qc3
28. Nxb3 Rxd5 29. Rd2 Bh5 30. Qc2 1-0

[Event "Women's World Teams 2015"]
[Site "Chengdu CHN"]
[Date "2015.04.25"]
[Round "6.1"]
[Board "4"]
[White "Wafa, Shrook"]
[Black "Gomes, Mary Ann"]
[Result "0-1"]
[WhiteTitle "WGM"]
[BlackTitle "WGM"]
[WhiteElo "2058"]
[BlackElo "2354"]
[WhiteTeam "EGYPT"]
[BlackTeam "INDIA"]
[WhiteFideId "10609970"]
[BlackFideId "5013623"]
[EventDate "2015.04.19"]

1. e4 c5 2. Nf3 e6 3. Nc3 Nc6 4. Bb5 Nd4 5. Nxd4 cxd4 6. Ne2 Ne7 7. O-O a6 8.
Bd3 Nc6 9. c3 dxc3 10. dxc3 Qc7 11. Bf4 d6 12. Ng3 Ne5 13. Bxe5 dxe5 14. Qg4 g6
15. Rfd1 Be7 16. Bc2 Bd7 17. Rd2 h5 18. Qf3 Bg5 19. Rdd1 Bc6 20. a4 Rd8 21. b4
O-O 22. Nxh5 gxh5 23. Qg3 f6 24. h4 Kf7 25. hxg5 Rg8 26. Rxd8 Qxd8 27. Rd1 Qc7
28. Qd3 Rxg5 29. b5 axb5 30. axb5 Be8 31. Bb3 Qe7 32. c4 Rg4 33. Qe3 Kg7 34. Bc2
h4 35. Qd3 Qf7 36. Qh3 Qg6 37. Rd8 Qg5 38. Rxe8 Qc1+ 39. Bd1 Qxd1+ 40. Kh2 Qe2
41. Qa3 Kh7 42. Qe7+ Rg7 43. Qxf6 Qxe4 44. f3 Qe1 45. Rh8+ Kxh8 46. Qh6+ Kg8 47.
Qxe6+ Kh7 48. Qf5+ Kh6 49. Qf6+ Rg6 50. Qf8+ Kg5 51. Qe7+ Kf5 52. Qf7+ Rf6 53.
Qd7+ Kg6 54. Qe8+ Kg5 55. Qg8+ Rg6 56. Qd8+ Kf4 57. Qf8+ Ke3 58. Qc5+ Kd3 59.
Qa3+ Ke2 60. Qb2+ Kf1 61. Kh1 h3 62. g4 Qd1 0-1

[Event "Women's World Teams 2015"]
[Site "Chengdu CHN"]
[Date "2015.04.25"]
[Round "6.2"]
[Board "3"]
[White "Szczepkowska-Horowska, Karina"]
[Black "Pogonina, Natalija"]
[Result "1/2-1/2"]
[WhiteTitle "WGM"]
[BlackTitle "WGM"]
[WhiteElo "2414"]
[BlackElo "2456"]
[WhiteTeam "POLAND"]
[BlackTeam "RUSSIA"]
[WhiteFideId "1122681"]
[BlackFideId "4147855"]
[EventDate "2015.04.19"]

1. d4 Nf6 2. Nf3 d5 3. c4 e6 4. Nc3 Be7 5. Bf4 O-O 6. Rc1 c5 7. dxc5 Bxc5 8. e3
Nc6 9. a3 a6 10. cxd5 exd5 11. Bd3 Bg4 12. h3 Bh5 13. g4 Bg6 14. Bxg6 hxg6 15.
g5 Nh5 16. Nxd5 Nxf4 17. Nxf4 Bd6 18. Nd3 Qe7 19. h4 Rad8 20. h5 gxh5 21. Rxh5
g6 22. Rh6 Ne5 23. Ndxe5 Bxe5 24. Qb3 Bg7 25. Rh4 b5 26. Qb4 Qb7 27. Ke2 Rc8 28.
Rxc8 Rxc8 29. Qb3 Qc6 30. Nd4 Qc5 31. Rf4 Rc7 32. Ne6 Qc2+ 33. Qxc2 Rxc2+ 34.
Kd3 Rxb2 35. Nxg7 Kxg7 36. Kc3 Rb1 37. a4 Rg1 38. Rf6 bxa4 39. Rxa6 Rxg5 40.
Rxa4 Rg2 1/2-1/2

[Event "Women's World Teams 2015"]
[Site "Chengdu CHN"]
[Date "2015.04.25"]
[Round "6.2"]
[Board "4"]
[White "Goryachkina, Aleksandra"]
[Black "Bartel, Marta"]
[Result "1-0"]
[WhiteTitle "WGM"]
[BlackTitle "WGM"]
[WhiteElo "2456"]
[BlackElo "2350"]
[WhiteTeam "RUSSIA"]
[BlackTeam "POLAND"]
[WhiteFideId "4147103"]
[BlackFideId "1123009"]
[EventDate "2015.04.19"]

1. d4 Nf6 2. c4 e6 3. Nf3 Bb4+ 4. Bd2 Qe7 5. g3 Bxd2+ 6. Qxd2 Nc6 7. Nc3 d5 8.
e3 O-O 9. Rc1 a6 10. cxd5 exd5 11. Bg2 Bf5 12. Nh4 Be6 13. O-O Rad8 14. Qc2 Na7
15. Na4 c6 16. Qc5 Nc8 17. Qxe7 Nxe7 18. Nc5 Bc8 19. Rc3 Ne8 20. Rb3 Nd6 21. h3
Ng6 22. Nxg6 hxg6 23. h4 Rfe8 24. Rc1 Re7 25. a4 Rde8 26. Bf1 Ne4 27. Be2 Nxc5
28. Rxc5 f5 29. Ra3 Bd7 30. b4 Ra8 31. Rb3 Kf7 32. Rcc3 Ke6 33. Kf1 Kd6 34. Ke1
Ree8 35. Kd2 Rec8 36. Rc1 a5 37. b5 c5 38. dxc5+ Rxc5 39. Rxc5 Kxc5 40. Rc3+ Kd6
41. Kd3 Rc8 42. Rxc8 Bxc8 43. Kd4 b6 44. Bd1 Bb7 45. Bb3 Ba8 46. f3 Bb7 47. Bc2
Bc8 48. Bb1 Bb7 49. h5 gxh5 50. Bxf5 g5 51. f4 g4 52. Kd3 Ke7 53. Bg6 h4 54.
gxh4 Kf6 55. h5 d4 56. exd4 Bd5 57. Be8 Bb3 58. h6 Bxa4 59. d5 g3 60. h7 Kg7 61.
Ke3 Bb3 62. d6 Be6 63. d7 Bxd7 64. Bxd7 Kxh7 65. Kf3 1-0

[Event "Women's World Teams 2015"]
[Site "Chengdu CHN"]
[Date "2015.04.25"]
[Round "6.3"]
[Board "3"]
[White "Nakhbayeva, Guliskhan"]
[Black "Lei, Tingjie"]
[Result "1/2-1/2"]
[WhiteTitle "WGM"]
[BlackTitle "WGM"]
[WhiteElo "2329"]
[BlackElo "2444"]
[WhiteTeam "KAZAKHSTAN"]
[BlackTeam "CHINA"]
[WhiteFideId "13704788"]
[BlackFideId "8605114"]
[EventDate "2015.04.19"]

1. d4 Nf6 2. c4 g6 3. Nc3 d5 4. cxd5 Nxd5 5. g3 Bg7 6. Bg2 Nxc3 7. bxc3 c5 8.
Nf3 Nc6 9. O-O cxd4 10. cxd4 Nxd4 11. Nxd4 Qxd4 12. Rb1 O-O 13. Be3 Qc4 14. Bd5
Qa6 15. Qb3 Qxe2 16. Bc5 Be6 17. Bxe6 Qxe6 18. Qxe6 fxe6 19. Rxb7 Rf5 20. Rc7
Rd5 21. Rb1 Be5 22. Rc6 a5 23. Rb7 Rb8 24. Rxb8+ Bxb8 25. Bxe7 Kf7 26. Bc5 Rd1+
27. Kg2 Rc1 28. Rb6 Rxc5 29. Rxb8 Rc2 30. a4 Rc4 31. Rb7+ Kg8 32. Re7 Rxa4 33.
Rxe6 Kf7 34. Ra6 g5 35. Ra7+ Kg6 36. Ra6+ Kf7 37. Ra7+ Kg6 38. Ra6+ Kf7 1/2-1/2

[Event "Women's World Teams 2015"]
[Site "Chengdu CHN"]
[Date "2015.04.25"]
[Round "6.3"]
[Board "4"]
[White "Ding, Yixin"]
[Black "Dauletova, Gulmira"]
[Result "1/2-1/2"]
[WhiteTitle "WGM"]
[BlackTitle "WIM"]
[WhiteElo "2434"]
[BlackElo "2201"]
[WhiteTeam "CHINA"]
[BlackTeam "KAZAKHSTAN"]
[WhiteFideId "8602972"]
[BlackFideId "13702971"]
[EventDate "2015.04.19"]

1. e4 c5 2. Nf3 e6 3. d4 cxd4 4. Nxd4 Nf6 5. Nc3 d6 6. g4 e5 7. Bb5+ Bd7 8.
Bxd7+ Qxd7 9. Nf5 h5 10. gxh5 Nxh5 11. Bh6 g6 12. Bxf8 gxf5 13. Bxd6 Nc6 14. Bc5
Qxd1+ 15. Rxd1 b6 16. Rd6 Rc8 17. Ba3 Nd4 18. Kd1 Rxc3 19. bxc3 Nb5 20. Bb4 Nxd6
21. Bxd6 f6 22. exf5 Kd7 23. Ba3 Ng7 24. h3 Nxf5 25. Bc1 Rh4 26. Ke2 Ke6 27. a3
b5 28. Bd2 Kd5 29. Rg1 Rxh3 30. Rg6 Ke6 31. Bg5 Nd6 32. Rxf6+ Kd5 33. Bd2 Rh4
34. Rf8 Ra4 35. Rd8 Ke6 36. Bc1 Nc4 37. Kd3 a6 38. Re8+ Kd7 39. Rh8 Kc6 40. Rc8+
Kd7 41. Rh8 Nd6 42. Rh6 Kc6 43. Rh8 Kd5 44. Rd8 Ke6 45. Rh8 Kd5 46. Rd8 Ke6 47.
Rh8 1/2-1/2

[Event "Women's World Teams 2015"]
[Site "Chengdu CHN"]
[Date "2015.04.25"]
[Round "6.4"]
[Board "3"]
[White "Zhukova, Natalia"]
[Black "Galojan, Lilit"]
[Result "1/2-1/2"]
[WhiteTitle "GM"]
[BlackTitle "IM"]
[WhiteElo "2471"]
[BlackElo "2277"]
[WhiteTeam "UKRAINE"]
[BlackTeam "ARMENIA"]
[WhiteFideId "14101513"]
[BlackFideId "13301314"]
[EventDate "2015.04.19"]

1. Nf3 Nf6 2. c4 b6 3. g3 c5 4. Bg2 Bb7 5. O-O e6 6. Nc3 Be7 7. Re1 d5 8. cxd5
Nxd5 9. e4 Nb4 10. d4 cxd4 11. Nxd4 N8c6 12. Be3 Nxd4 13. Bxd4 O-O 14. Re2 Qe8
15. Rd2 Rd8 16. Rc1 Nc6 17. Be3 Ne5 18. Qe2 Rxd2 19. Bxd2 Qb8 20. Bf4 Rc8 21.
Rd1 Rd8 22. h4 h6 23. Rxd8+ Bxd8 24. Qd2 Bf6 25. Nb5 Bc6 26. Nd4 Be8 27. Nf3
Nxf3+ 28. Bxf3 e5 29. Be3 Bc6 30. Bg2 Qd8 31. Qxd8+ Bxd8 32. f3 Kf8 33. Kf2 Be7
34. Bf1 Bd6 35. Bc4 Ke7 36. Ke2 h5 37. a3 g6 38. b4 Bd7 39. Kd3 f6 40. Kc3 Ba4
41. Bb3 Bb5 42. Bc4 1/2-1/2

[Event "Women's World Teams 2015"]
[Site "Chengdu CHN"]
[Date "2015.04.25"]
[Round "6.4"]
[Board "4"]
[White "Kursova, Maria"]
[Black "Gaponenko, Inna"]
[Result "0-1"]
[WhiteTitle "WGM"]
[BlackTitle "IM"]
[WhiteElo "2290"]
[BlackElo "2384"]
[WhiteTeam "ARMENIA"]
[BlackTeam "UKRAINE"]
[WhiteFideId "4129709"]
[BlackFideId "14101181"]
[EventDate "2015.04.19"]

1. d4 Nf6 2. Nf3 g6 3. c4 Bg7 4. g3 c5 5. Bg2 Qa5+ 6. Bd2 Qb6 7. dxc5 Qxc5 8.
Qb3 Ne4 9. Be3 Qa5+ 10. Nbd2 Nc6 11. O-O Nd6 12. g4 O-O 13. Rac1 b6 14. a3 Bb7
15. h3 Rac8 16. Rfd1 Ne5 17. Bf4 Bxf3 18. exf3 Qc5 19. Be3 Qc7 20. c5 bxc5 21.
Rxc5 Nc6 22. Qa2 Qb8 23. b4 Nb5 24. Rdc1 Ncd4 25. Kh1 d6 26. Rxc8 Rxc8 27. Rc4
Rxc4 28. Nxc4 Qc7 29. Bd2 d5 30. Ne3 e6 31. Nd1 Qc4 32. Qxc4 dxc4 33. a4 Nb3 34.
Be3 c3 35. Nxc3 Nxc3 36. Bxa7 Nxa4 37. f4 Nc3 38. Bc6 Bd4 39. Bb8 Bxf2 40. b5
Bb6 41. g5 Nd4 0-1

[Event "Women's World Teams 2015"]
[Site "Chengdu CHN"]
[Date "2015.04.25"]
[Round "6.5"]
[Board "2"]
[White "Javakhishvili, Lela"]
[Black "Nemcova, Katerina"]
[Result "1/2-1/2"]
[WhiteTitle "IM"]
[BlackTitle "WGM"]
[WhiteElo "2481"]
[BlackElo "2279"]
[WhiteTeam "GEORGIA"]
[BlackTeam "UNITED STATES OF AMERICA"]
[WhiteFideId "13601458"]
[BlackFideId "322750"]
[EventDate "2015.04.19"]

1. d4 Nf6 2. c4 e6 3. Nf3 d5 4. Nc3 c6 5. Bg5 h6 6. Bxf6 Qxf6 7. e3 g6 8. Be2
Bg7 9. O-O O-O 10. Re1 b6 11. e4 dxe4 12. Nxe4 Qe7 13. c5 bxc5 14. Nxc5 Nd7 15.
Rc1 Nxc5 16. Rxc5 Rd8 17. Qc1 Bxd4 18. Nxd4 Rxd4 19. Rxc6 Bb7 20. Rc7 Rd7 21.
Rxd7 Qxd7 22. Rd1 Qc6 23. Qxc6 Bxc6 24. Rc1 Bd5 25. b3 a5 26. Bb5 Rb8 27. Rc5
Kg7 28. f3 Kf6 29. Ba4 Ra8 30. Kf2 Ke5 31. Rc7 f5 32. h4 f4 33. Bb5 h5 34. Bd3
Kf6 35. Bc2 g5 36. hxg5+ Kxg5 37. Rc5 Kf6 38. Be4 Ke5 39. g3 fxg3+ 40. Kxg3 Kd4
41. Rc1 Rg8+ 42. Kh3 Rg5 43. Rc7 Re5 44. Bxd5 exd5 45. Ra7 Ke3 46. Rxa5 Kxf3 47.
b4 Re1 48. Ra3+ Ke2 49. b5 Rb1 50. Rb3 Rxb3+ 51. axb3 d4 52. b6 d3 53. b7 d2 54.
b8=Q d1=Q 55. Qe5+ Kf2 56. Qc5+ Kf1 57. Qf5+ Ke1 58. Qe4+ Kf2 59. Qh4+ Ke3 60.
Qg5+ Ke4 61. Qe7+ Kf5 62. Qc5+ Ke6 1/2-1/2